000 00583nam a2200205Ia 4500
005 20260429111935.0
008 260429s9999||||xx |||||||||||||| ||und||
020 _a9789395431453
041 _aEnglish
082 _a547
_bBAL
100 _aBalyan, Neelam
245 0 _aRearrangements in organic chemistry /
_cNeelam Balyan
250 _a1st ed.
260 _aNew Delhi :
_bVenus Books, Publishers & Distributors,
_c2023.
300 _aviii, 268 p.; hb
650 _a Chemical reactions
650 _a Molecular rearrangements
650 _aOrganic chemistry
942 _cTB
999 _c51530
_d51530